Normal view
MARC view
Entry Personal Name
001 - CONTROL NUMBER
- control field: 12923
003 - CONTROL NUMBER IDENTIFIER
- control field: OSt
005 - DATE AND TIME OF LATEST TRANSACTION
- control field: 20240521021727.0
008 - FIXED-LENGTH DATA ELEMENTS
- fixed length control field: 240521|| aca||aabn | a|a d
040 ## - CATALOGING SOURCE
- Original cataloging agency: OSt
- Transcribing agency: OSt
100 ## - HEADING--PERSONAL NAME
- Personal name: Iringan, Jomari R., author
670 ## - SOURCE DATA FOUND
- Source citation: Work cat.: (OSt): Bruno, Lamberto Jr. A., author. 12920, Development of mood memoir : a virtual temperament journal for self-tracing and monitoring the recovery progress of depression through sentiment analysis /, 2017.
